Dôchodková situácia obyvateľstva a formovanie spotrebiteľských zvyklostí v transformujúcej sa ekonomike Slovenska
Salvato in:
| Autore principale: | |
|---|---|
| Natura: | Libro |
| Lingua: | slovacco |
| Pubblicazione: |
Bratislava
Prognostický ústav SAV
2001
|
| Serie: | Pracovné materiály
č. 2 |
| Soggetti: | |
| Tags: |
Nessun Tag, puoi essere il primo ad aggiungerne!!
|
MARC
| LEADER | 00000nam a2200000 4500 | ||
|---|---|---|---|
| 001 | c124781 | ||
| 005 | 20221108082835.1 | ||
| 022 | |a 0862-9137 | ||
| 041 | 0 | |a slo | |
| 044 | |a SK | ||
| 245 | 1 | 0 | |a Dôchodková situácia obyvateľstva a formovanie spotrebiteľských zvyklostí v transformujúcej sa ekonomike Slovenska |c Iveta Pauhofová |
| 264 | 1 | |a Bratislava |b Prognostický ústav SAV |c 2001 | |
| 300 | |a 34 s. | ||
| 490 | 1 | |a Pracovné materiály |v č. 2 | |
| 830 | 0 | |a Pracovné materiály |v č. 2 | |
| 610 | 2 | 0 | |a dôchodky |
| 610 | 2 | 0 | |a obyvateľstvo aktívne |
| 610 | 2 | 0 | |a obyvateľstvo neaktívne |
| 610 | 2 | 0 | |a oceňovanie ekonomické |
| 610 | 2 | 0 | |a príjmy |
| 610 | 2 | 0 | |a domácnosti |
| 610 | 2 | 0 | |a účty národné |
| 610 | 2 | 0 | |a výdavky |
| 610 | 2 | 0 | |a spotreba |
| 610 | 2 | 0 | |a potraviny |
| 610 | 2 | 0 | |a tovar |
| 610 | 2 | 0 | |a služby |
| 610 | 2 | 0 | |a výskum |
| 610 | 2 | 0 | |a Slovensko |
| 100 | 1 | |a Pauhofová, Iveta | |